Sudden Death - Asia - Statistics

General Stats
  • This quiz has been taken 300 times
  • The average score is 35 of 48
Answers on the Grid
Answers color-coded by a green-red scale on the quiz's grid according to % correct below.
China
Fiji
Cameroon
Nepal
Bangladesh
Comoros
Bhutan
Madagascar
Papua New Guinea
Iran
Saudi Arabia
Kuwait
Bahrain
Japan
Spain
Eritrea
Italy
Taiwan
United States
South Korea
Democratic Republic of the Congo
Kazakhstan
Tajikistan
Bahamas
Maldives
Sri Lanka
Cuba
Chile
North Korea
Mongolia
Ireland
Kyrgyzstan
Qatar
Denmark
India
Eswatini
Algeria
Pakistan
Indonesia
Singapore
Morocco
New Zealand
Kiribati
Myanmar
Vietnam
Brunei
Marshall Islands
Afghanistan
Armenia
Mauritius
Georgia
Albania
France
United Kingdom
Cambodia
Azerbaijan
Somalia
Turkmenistan
Turkey
Romania
Austria
Cyprus
Germany
Haiti
Uzbekistan
Uruguay
Thailand
Oman
Yemen
Grenada
Laos
Saint Kitts and Nevis
United Arab Emirates
Saint Lucia
North Macedonia
Malaysia
Philippines
South Sudan
Israel
Syria
Djibouti
Lebanon
Jordan
Iraq
Mexico
El Salvador
East Timor
São Tomé and Príncipe
 
Answer Stats
Answer % Correct
Philippines
78%
Saudi Arabia
77%
Iran
76%
Japan
76%
Pakistan
76%
Taiwan
76%
Yemen
76%
Afghanistan
75%
India
75%
Malaysia
75%
Myanmar
75%
Nepal
75%
Oman
75%
United Arab Emirates
75%
Vietnam
75%
Indonesia
74%
Iraq
74%
Mongolia
74%
Qatar
74%
Singapore
74%
South Korea
74%
Thailand
74%
Turkmenistan
74%
Bangladesh
73%
Cambodia
73%
Syria
73%
Bhutan
72%
Jordan
72%
Laos
72%
Sri Lanka
72%
Tajikistan
72%
Uzbekistan
72%
Azerbaijan
71%
Bahrain
71%
China
71%
Israel
71%
Kazakhstan
71%
Kuwait
71%
Kyrgyzstan
71%
Lebanon
71%
North Korea
71%
Brunei
68%
Georgia
67%
Turkey
67%
East Timor
66%
Armenia
63%
Maldives
61%
Cyprus
56%
No matching quizzes found
Score Distribution
Percent of People with Each Score
Percentile by Number Answered
Your Score History
You have not taken this quiz